Music Quiz

Random Music or The Beatles Quiz

The Beatles 50 biggest UK sellers Quiz Stats

 Plays Quiz not verified by Sporcle

Challenge
Share
Tweet
Embed
Score 0/50 Timer 10:00
0 Plays Today
Rank Track % Correct
12*Yellow Submarine / Eleanor Rigby
89.6%
2I Want To Hold Your Hand
87%
6Hey Jude
87%
7Help!
82.8%
20Let It Be
82.8%
26Yesterday
82.8%
1She Loves You
82.3%
14
(EP)
Magical Mystery Tour EP (Magical Mystery Tour / Baby, You're A Rich Man / Flying / Blue Jay Way / Your Mother Should Know / I Am the Walrus)
79.2%
17A Hard Day's Night
79.2%
15*Penny Lane / Strawberry Fields Forever
78.6%
22*Something / Come Together
77.6%
13Paperback Writer
71.4%
10Get Back
70.8%
19Love Me Do
70.8%
29Twist & Shout
70.8%
21Please Please Me
68.2%
11All You Need Is Love
66.7%
39A Day In The Life
66.7%
5*Day Tripper / We Can Work It Out
66.1%
40The Long And Winding Road
64.6%
45Sgt Pepper's Lonely Hearts Club Band
64.6%
3Can't Buy Me Love
63.5%
16Ticket To Ride
63.5%
31Back In The USSR
63.5%
18Lady Madonna
62%
Rank Track % Correct
42Norwegian Wood (This Bird Has Flown)
62%
46Revolution
62%
47Eight Days A Week
61.5%
9Hello Goodbye
60.9%
27Here Comes The Sun
60.9%
36Lucy In The Sky With Diamonds
60.4%
23Ballad Of John And Yoko
58.3%
37With A Little Help From My Friends
58.3%
50Drive My Car
57.3%
4I Feel Fine
55.2%
38While My Guitar Gently Weeps
55.2%
24Free As A Bird
54.2%
8From Me To You
52.6%
33Blackbird
52.1%
35I Saw Her Standing There
51%
32In My Life
49.5%
44All My Loving
45.8%
28Real Love
44.3%
49Ob La Di Ob La Da
44.3%
43And I Love Her
38%
41When I'm Sixty Four
33.3%
48You've Got To Hide Your Love Away
32.8%
25Beatles Movie Medley
19.8%
30Baby It's You
16.7%
34Ain't She Sweet
14.1%

You're not logged in!

Compare scores with friends on all Sporcle quizzes.
OR
Log In

You Might Also Like...

Show Comments

Extras

Top Quizzes Today


Score Distribution

Your Account Isn't Verified!

In order to create a playlist on Sporcle, you need to verify the email address you used during registration. Go to your Sporcle Settings to finish the process.

Report this User

Report this user for behavior that violates our Community Guidelines.

Details: